Az 1917. évi orosz-román támadások kivédése

Elmentve itt :
Bibliográfiai részletek
Szerző: Doromby József
Dokumentumtípus: Könyv része
Megjelent: 1936
Sorozat:A magyar huszár : a magyar lovaskatona ezer évének története
Kulcsszavak:Lovasság - magyar - 20 sz., Huszárok - Magyarország - története - 20. sz., Hadtörténet - Magyarország - 20. sz., Világháború - 1. - 1917
Tárgyszavak:
Online Access:http://misc.bibl.u-szeged.hu/70764
LEADER 00835naa a2200193 i 4500
001 misc70764
005 20220112153159.0
008 220112s1936 hu o 0|| hun d
040 |a SZTE Miscellanea Repozitórium  |b hun 
041 |a hun 
100 1 |a Doromby József 
245 1 3 |a Az 1917. évi orosz-román támadások kivédése  |h [elektronikus dokumentum] /  |c  Doromby József 
260 |c 1936 
300 |a 324-326 
490 0 |a A magyar huszár : a magyar lovaskatona ezer évének története 
650 4 |a Bölcsészettudományok 
650 4 |a Történettudomány és régészet 
695 |a Lovasság - magyar - 20 sz., Huszárok - Magyarország - története - 20. sz., Hadtörténet - Magyarország - 20. sz., Világháború - 1. - 1917 
856 4 0 |u http://misc.bibl.u-szeged.hu/70764/1/magyar_huszar_1936_324-326.pdf  |z Dokumentum-elérés